LIBRARY & INFORMATION CENTRE, KCAET, TAVANUR

ONLINE PUBLIC ACCESS CATALOGUE (OPAC)

Engineering Mechanics and Strength of Materials(IN SI UNITS) / (Record no. 12530)

MARC details
000 -LEADER
fixed length control field 00361cam a2200133ua 4500
020 ## - INTERNATIONAL STANDARD BOOK NUMBER
ISBN 81-7008-064-9
082 ## - DEWEY DECIMAL CLASSIFICATION NUMBER
Classification number 620.101
Item number BAN/EN
100 ## - MAIN ENTRY--AUTHOR NAME
Personal name Bansal, R K.
245 ## - TITLE STATEMENT
Title Engineering Mechanics and Strength of Materials(IN SI UNITS) /
250 ## - EDITION STATEMENT
Edition statement 4 / 1
260 ## - PUBLICATION, DISTRIBUTION, ETC. (IMPRINT)
Place of publication New Delhi :
Name of publisher Laxmi Publications ,
Year of publication 1992, 2009
300 ## - PHYSICAL DESCRIPTION
Number of Pages 459 ; 881
942 ## - ADDED ENTRY ELEMENTS (KOHA)
Koha item type Books
Holdings
Withdrawn status Lost status Damaged status Home library Current library Shelving location Date acquired Full call number Accession Number Koha item type Collection code Source of acquisition Cost, normal purchase price
      KAUAET KAUAET Binding Shelf 07/04/2012 620.101 19253 Books      
      KAUAET KAUAET   07/04/2012 620.101 21422 Books      
      KAUAET KAUAET Scheme 07/11/2012 620.101 BAN/EN BB 184 Book Bank scheme for SC students   Penta Books,Calicut 395.00
      KAUAET KAUAET Scheme 07/11/2012 620.101 BAN/EN BB 185 Book Bank scheme for SC students   Penta Books,Calicut 395.00
free website counter